000 00283nam a22001337a 4500
008 170526b xxu||||| |||| 00| 0 eng d
020 _a47649
041 _aeng
080 _a331.103
100 _a25
101 _aIM
245 _aBASIC INSTRUMENTATION
_cHIGGINS
942 _2udc
_cBK
999 _c14416
_d14416